000
00235 a2200097 4500
001
52268
100
_a
Lackey J E
245
_a
Fundamental of Electricity & Electronics
260
_a
New York
_b
Holt Rinehart
_c
090
_c
32910
_d
32910
942
_a
NUST-CAE
_c
M
_c
25459
999
_c
287341
_d
287341